Open Information Management : (Record no. 13970)
[ view plain ]
| 000 -LEADER | |
|---|---|
| fixed length control field | 01763cam a2200337 a 4500 |
| 001 - CONTROL NUMBER | |
| control field | 15542310 |
| 005 - DATE AND TIME OF LATEST TRANSACTION | |
| control field | 20091026142744.0 |
| 008 - FIXED-LENGTH DATA ELEMENTS--GENERAL INFORMATION | |
| fixed length control field | 081203s2009 paua |db 001 0 eng |
| 010 ## - LIBRARY OF CONGRESS CONTROL NUMBER | |
| LC control number | 2008052165 |
| 020 ## - INTERNATIONAL STANDARD BOOK NUMBER | |
| International Standard Book Number | 9781605662466 (hardcover) |
| 035 ## - SYSTEM CONTROL NUMBER | |
| System control number | (OCoLC)ocn291453879 |
| 040 ## - CATALOGING SOURCE | |
| Original cataloging agency | DLC |
| Transcribing agency | DLC |
| Modifying agency | YDX |
| -- | BTCTA |
| -- | YDXCP |
| -- | BWX |
| -- | CDX |
| -- | DLC |
| 050 00 - LIBRARY OF CONGRESS CALL NUMBER | |
| Classification number | HD30.2 |
| Item number | .O637 2009 |
| 082 00 - DEWEY DECIMAL CLASSIFICATION NUMBER | |
| Classification number | 658.4038 |
| Edition number | 22 |
| Item number | INF |
| 245 00 - TITLE STATEMENT | |
| Title | Open Information Management : |
| Remainder of title | Applications of Interconnectivity and Collaboration / |
| Statement of responsibility, etc | [edited by] Samuli Niiranen, Jari Yli-Hietanen, Artur Lugmayr. |
| 260 ## - PUBLICATION, DISTRIBUTION, ETC. (IMPRINT) | |
| Place of publication, distribution, etc | Hershey, PA : |
| Name of publisher, distributor, etc | Information Science Reference, 2009 |
| Date of publication, distribution, etc | c2009. |
| 300 ## - PHYSICAL DESCRIPTION | |
| Extent | xxiii, 477 p. : |
| Other physical details | ill. ; |
| Dimensions | 29 cm. |
| 500 ## - GENERAL NOTE | |
| General note | Donated by: Dr. Khaled Nagaty |
| 504 ## - BIBLIOGRAPHY, ETC. NOTE | |
| Bibliography, etc | Includes bibliographical references (p. 421-456) and index. |
| 520 ## - SUMMARY, ETC. | |
| Summary, etc | "This book provides a practical-level reference discussing the impact of emerging trends in information technology toward solutions capable of managing information within operational environments"--Provided by publisher. |
| 650 #0 - SUBJECT ADDED ENTRY--TOPICAL TERM | |
| Topical term or geographic name as entry element | Information technology |
| General subdivision | Management. |
| 9 (RLIN) | 13874 |
| 650 #0 - SUBJECT ADDED ENTRY--TOPICAL TERM | |
| Topical term or geographic name as entry element | Information resources management. |
| 9 (RLIN) | 13875 |
| 650 #0 - SUBJECT ADDED ENTRY--TOPICAL TERM | |
| Topical term or geographic name as entry element | Management information systems. |
| 9 (RLIN) | 13876 |
| 700 1# - ADDED ENTRY--PERSONAL NAME | |
| Personal name | Niiranen, Samuli. |
| 9 (RLIN) | 13877 |
| 700 1# - ADDED ENTRY--PERSONAL NAME | |
| Personal name | Yli-Hietanen, Jari, |
| Dates associated with a name | 1970- |
| 9 (RLIN) | 13878 |
| 700 1# - ADDED ENTRY--PERSONAL NAME | |
| Personal name | Lugmayr, Artur. |
| 9 (RLIN) | 13879 |
| 856 41 - ELECTRONIC LOCATION AND ACCESS | |
| Materials specified | Table of contents only |
| Uniform Resource Identifier | <a href="http://www.loc.gov/catdir/toc/fy0905/2008052165.html">http://www.loc.gov/catdir/toc/fy0905/2008052165.html</a> |
| 942 ## - ADDED ENTRY ELEMENTS (KOHA) | |
| Source of classification or shelving scheme | Dewey Decimal Classification |
| Item type | Book - Borrowing |
| Withdrawn status | Item status | Source of classification or shelving scheme | Damaged status | Not for loan | Vendor | Home library | Current library | Shelving location | Date acquired | Source of acquisition | Total Checkouts | Total Renewals | Full call number | Barcode | Date last seen | Date last borrowed | Koha item type |
|---|---|---|---|---|---|---|---|---|---|---|---|---|---|---|---|---|---|
| Dewey Decimal Classification | Central Library | Central Library | First floor | 12/05/2010 | Donation | 1 | 1 | 658.4038 INF | 000020811 | 15/07/2025 | 04/11/2012 | Book - Borrowing |